The Undertaker Trivia - Statistics

General Stats
  • This quiz has been taken 1,233 times
    1,068 since last reset
  • The average score is 16 of 24
Answer Stats
Hint Answer % Correct
Who is the Undertaker's brother? Kane
96%
Kane
96%
What year did the Undertaker debut in WWF? 1990
92%
Name Undertaker's finishing moves? Tombstone Piledriver
89%
Who has defeated the Undertaker at Wrestlemania? Brock Lesnar
88%
Who is the Undertaker's most famous manager? Paul Bearer
88%
At which event did the Undertaker debut? Survivor Series
84%
How many times has Undertaker won the World Heavyweight Championship? 3
77%
Roman Reigns
75%
How many wins does the Undertaker have at Wrestlemania, as of 2020? 25
73%
The Last Ride
71%
Who did the Undertaker defeat to win his first WWF Championship? Hulk Hogan
70%
How many times has Undertaker won the WWF/WWE Championship? 4
69%
Who is the Undertaker currently married to? Michelle McCool
68%
Hell's Gate
60%
Name the group Undertaker led in 1999? Ministry of Darkness
60%
Name the wrestlers Undertaker has won tag team championships with? Stone Cold Steve Austin
54%
Who was his first manager? Brother Love
52%
Who stalked Undertaker's then-wife in 2001? Diamond Dallas Page
52%
What is the Undertaker's real name? Mark Calaway
52%
The Rock
48%
The Big Show
46%
What was the name of Taker's theme song when he returned to the WWF in 2000? American Bad Ass
39%
Before he joined the WWF, Undertaker wrestled in WCW under what name? Mean Mark Callous
25%
No matching quizzes found
Score Distribution
Percent of People with Each Score
Percentile by Number Answered
Your Score History
You have not taken this quiz since the last reset